| Поле | Инд. | ПП | Название | Значение |
|---|---|---|---|---|
| Тип записи | a | |||
| Библиографический уровень | b | |||
| 001 | Контрольный номер | RU/IS/BASE/265991122 | ||
| 005 | Дата корректировки | 20200522191233.6 | ||
| 008 | Кодируемые данные | 20080605 | ||
| 040 | b | Код языка каталог. | rus | |
| e | Правила каталог. | PSBO | ||
| 041 | 0_ | a | Код языка текста | rus |
| 084 | a | Индекс другой классификации/Индекс ББК | 66.06 | |
| 100 | 1_ | a | Автор | Щербаков А. |
| q | Полное имя | Щербаков Андрей | ||
| 245 | 10 | a | Заглавие | Политическая реклама в современном информационном пространстве |
| 504 | a | Библиография | Библиогр. ссылки | |
| 650 | a | Основная рубрика | политика | |
| a | Основная рубрика | политология | ||
| 653 | 1_ | a | Ключевые слова | информационное общество |
| a | Ключевые слова | политическая реклама | ||
| a | Ключевые слова | политические мифы | ||
| a | Ключевые слова | политическое сознание | ||
| a | Ключевые слова | Россия | ||
| a | Ключевые слова | прикладная политология | ||
| 773 | 08 | t | Заглавие источника | Вестник Московского университета. Серия 18, Социология и политология |
| d | Дата издания источника | 2007 | ||
| g | Прочая информация | № 4. - С. 163 - 167 | ||
| w | Контрольный № источника | RU/IS/BASE/261756947 | ||
| 901 | t | Тип документа | b |